Word Ladder: Beer Making Quiz Stats

Quiz Updated Feb 22, 2015

Challenge
Share
Tweet
Embed
Score 0/21 Timer 02:00
5 Plays Today
Clue 4-Letter Word % Correct
Home to the devilHELL
95.8%
Having X and Y chromosomesMALE
93.5%
An outdoor building for tool storageSHED
93%
Tunneling animalMOLE
92.2%
Offer up for a priceSELL
92.2%
StopHALT
91.7%
A room in Clue(do)HALL
91.6%
Make beer at your place [Part 2]BREW
87.8%
A black birdCROW
86.7%
Need for making beerMALT
86.6%
The sport of rowingCREW
81%
Clue 4-Letter Word % Correct
Need for making beerHOPS
80.9%
Having covered feet, like a horseSHOD
79.4%
Children's author SilversteinSHEL
77.5%
Grub or eatsCHOW
77.3%
What was left in Pandora's BoxHOPE
75.7%
Unruly heads of hairMOPS
74.8%
Be in a sour moodMOPE
74.3%
Tell's partnerSHOW
73.5%
To sew closed the eyes of a hawkSEEL
69.6%
Make beer at your place [Part 1]HOME
69.6%

Today's Daily Dose

Missing Word
Actress of Thrones

Word Ladder
Black Phrases

Quick Pick
'B' Beverages

On This Day
February 21st II

You're not logged in!

Compare scores with friends on all Sporcle quizzes.
Sign Up with Email
OR
Log In

You Might Also Like...

Show Comments

Extras

Top Quizzes Today


Score Distribution

Your Account Isn't Verified!

In order to create a playlist on Sporcle, you need to verify the email address you used during registration. Go to your Sporcle Settings to finish the process.